| 000 | 00906nam a2200265Ia 4500 | ||
|---|---|---|---|
| 003 | 0 | ||
| 005 | 20250129094828.0 | ||
| 008 | 190909s9999 xx 000 0 und d | ||
| 050 |
_aPGS BF 575.A6 _b.V726 2019 |
||
| 100 | _aVillaruz, Carlos Miguel R. | ||
| 245 |
_aVideo games and aggression / _cCarlos Miguel R. Villaruz. |
||
| 260 |
_aLas PiƱas City, Philippines : _bSouthville International School and Colleges, _c2019. |
||
| 300 |
_a28 p. : _bill. ; _c28 cm. |
||
| 504 | _aIncludes bibliographical references. | ||
| 650 | _aVideo games and children. | ||
| 650 | _aAggression. | ||
| 650 | _aAggression in adolescents. | ||
| 650 | _aViolence in video games. | ||
| 650 |
_aVideo games _vPsychological aspects. |
||
| 650 |
_aYouth _vViolence. |
||
| 650 | _aPsychology of aggression. | ||
| 650 | _aSocial aspects of video games. | ||
| 650 |
_aViolent video games _vEffects. |
||
| 942 |
_2lcc _cPASS |
||
| 999 |
_c362077 _d362077 |
||